Longman lexicon of contemporary English

Gespeichert in:
Bibliographische Detailangaben
1. Verfasser: Tom McArthur
Format: Buch
Sprache:Undetermined
Veröffentlicht: Essex Longman 1997
Schlagworte:
Tags: Tag hinzufügen
Keine Tags, Fügen Sie den ersten Tag hinzu!
Thư viện lưu trữ: Trung tâm Học liệu Trường Đại học Cần Thơ
LEADER 00508nam a2200193Ia 4500
001 CTU_35541
008 210402s9999 xx 000 0 und d
020 |b 78.000đ 
082 |a 423 
082 |b M116 
100 |a Tom McArthur 
245 0 |a Longman lexicon of contemporary English 
245 0 |c Tom McArthur 
260 |a Essex 
260 |b Longman 
260 |c 1997 
650 |a english language - dictionaries 
904 |i Minh, 000303 
980 |a Trung tâm Học liệu Trường Đại học Cần Thơ